Vocalista - Banda - Estadísticas

Estadísticas generales
  • Esta prueba ha sido intentada 5 veces
  • La puntuación promedio es 9 de 15
Estadísticas de respuestas
Hint Respuesta % Correcto
Freddie Mercury Queen
100%
Mick Jagger The Rolling Stones
100%
Steven Tyler Aerosmith
75%
Chris Martin Coldplay
75%
John Lennon / Paul McCartney The Beatles
75%
Jim Morrison The Doors
75%
Ozzy Osbourne Black Sabbath
50%
Alex Kapranos Franz Ferdinand
50%
Robert Plant Led Zeppelin
50%
Chester Bennington Linkin Park
50%
James Hetfield Metallica
50%
Julian Casablancas The Strokes
50%
Alex Turner Arctic Monkeys
25%
Matt Bellamy Muse
25%
Ricky Wilson Kaiser Chiefs
0%
No se encontraron pruebas coincidentes
Distribución de puntuación
Porcentaje de gente con cada puntuación
Porcentaje por número respondido
Historial de tus puntuaciones
No has intentado esta prueba.